Bye-laws of the Jamshedpur Notified Area Committee (Record no. 507874)

000 -LEADER
fixed length control field 00316nam a2200109 4500
082 ## - DEWEY DECIMAL CLASSIFICATION NUMBER
Classification number B7103x5413 J249
100 ## - MAIN ENTRY--PERSONAL NAME
Personal name Bihar. Jamshedpur Notified Area Committee
9 (RLIN) 2681
245 ## - TITLE STATEMENT
Title Bye-laws of the Jamshedpur Notified Area Committee
260 ## - PUBLICATION, DISTRIBUTION, ETC. (IMPRINT)
Place of publication, distribution, etc Jamshedpur
Name of publisher, distributor, etc Government of Bihar
Date of publication, distribution, etc 1929
300 ## - PHYSICAL DESCRIPTION
Extent 77p.
942 ## - ADDED ENTRY ELEMENTS (KOHA)
Source of classification or shelving scheme
Holdings
Withdrawn status Lost status Source of classification or shelving scheme Damaged status Koha normalized classification for sorting Not for loan Permanent location Current location Date acquired Full call number Barcode Date last seen Price effective from Koha item type
        B_7103X5413_J249   Indian Institute of Public Administration Indian Institute of Public Administration 2019-02-27 B7103x5413 J249 GG34313 2019-02-27 2019-02-27 GG

Powered by Koha